| 000 | 00560nam a2200217Ia 4500 | ||
|---|---|---|---|
| 003 | OSt | ||
| 005 | 20220928145937.0 | ||
| 006 | a|||||r|||| 00| 0 | ||
| 007 | ta | ||
| 008 | 220927b |||||||| |||| 00| 0 eng d | ||
| 024 | _a85835 | ||
| 037 | _cTextual | ||
| 040 |
_aSDCL _cSDCL _beng |
||
| 041 |
_2eng _aeng |
||
| 082 | _aO-:g, M4 | ||
| 100 |
_aHume Kathryn _9514716 |
||
| 245 | 0 |
_aFantasy and mimesis _b Responses to reality in western literature |
|
| 260 | _c1984 | ||
| 942 |
_hO-:g, M4 _cTEXL _2CC |
||
| 999 |
_c838067 _d838067 |
||